Statistics for US States That End With The Letter A

Click here to take the quiz!

General Stats

  • This quiz has been taken 58 times
  • The average score is 20 of 21

Answer Stats

Answer% Correct
Alabama
100%
Alaska
100%
Georgia
100%
Florida
98%
Louisiana
98%
North Dakota
98%
South Dakota
98%
California
96%
Iowa
96%
Montana
96%
North Carolina
96%
South Carolina
96%
Virginia
96%
West Virginia
96%
Nevada
95%
Pennsylvania
95%
Arizona
93%
Indiana
93%
Minnesota
91%
Oklahoma
91%
Nebraska
85%

Score Distribution

Percentile by Number Answered

Percent of People with Each Score

Your Score History

You have not taken this quiz